Organizational behavior & management

Gespeichert in:
Bibliographische Detailangaben
1. Verfasser: KONOPASKE, Robert
Format: Buch
Sprache:Englisch
Veröffentlicht: McGraw-Hill Education 2018
Tags: Tag hinzufügen
Keine Tags, Fügen Sie den ersten Tag hinzu!

MARC

LEADER 00000nam a22000007a 4500
008 210122b ||||| |||| 00| 0 eng d
020 |a  978-1-259-89453-4 
100 |a KONOPASKE, Robert 
245 |a Organizational behavior & management  |c Robert Konopaske, John M. Ivancevich [and] Michael T. Matteson  |g  xix; 604p 
250 |b 11th ed. 
260 |b McGraw-Hill Education  |c 2018  |d Books  |h New York  |i 690949  |l HD58.7 .K83  |m Organizational behavior 
942 |a lcc  |c BK  |e Adekanye I. H.  |f 22/01/2021 
952 |0 0  |1 0  |2 lcc  |4 0  |6 HD00587 K83  |7 0  |9 1486  |a HOL  |b HOL  |c GJ  |d 2021-01-22  |l 0  |o HD58.7 .K83  |p 2021-0283  |r 2021-01-22 00:00:00  |w 2021-01-22  |y BK 
999 |c 778  |d 778